Online Catalogue and eLibrary

Women's liberation and politics of religious personal laws in India (Record no. 2858)

MARC details
000 -LEADER
fixed length control field 00422nam a2200157Ia 4500
005 - DATE AND TIME OF LATEST TRANSACTION
control field 20240605005342.0
008 - FIXED-LENGTH DATA ELEMENTS--GENERAL INFORMATION
fixed length control field 240331s9999 xx 000 0 und d
082 ## - DDC Classification
Item Number - Author Mark WOM
Class No. 346
245 #0 - TITLE STATEMENT
Title Women's liberation and politics of religious personal laws in India
260 ## - PUBLICATION, DISTRIBUTION, ETC.
Place of publication, distribution, etc. Bombay
Name of publisher, distributor, etc. C.G. Shah Memorial Trust
Date of publication, distribution, etc. 1986
300 ## - PHYSICAL DESCRIPTION
Extent (e.g. Volumes, Pages etc.) ix, 100 p .,
650 ## - SUBJECT ADDED ENTRY--TOPICAL TERM
Topical term or geographic name entry element Woman
650 ## - SUBJECT ADDED ENTRY--TOPICAL TERM
Topical term or geographic name entry element Law
700 ## - ADDED ENTRY--PERSONAL NAME
Personal name Desai, A.R,
Relator term (Role) Editor
942 ## - Koha item type (Biblio)
Koha item type Books in Stacks (Lending)
Holdings
Lost status Damaged status Collection code Home library Current library Shelving location Date acquired Full call number Accession Number Item type
    Lending WERC Library WERC Library Social Science Cupboard 03/31/2024 346 WOM 48 Books in Stacks (Lending)

© WERC Library